000 01602cam a2200361 a 4500
001 14090948
003 OSt
005 20140310181915.0
008 050829s2006 nyua b 001 0 eng
010 _a 2005024825
020 _a9781579906283
020 _a1579906281
020 _a9781600595103 (pbk.)
035 _a(OCoLC)ocm61451550
040 _aDLC
_cDLC
_dIG#
_dBAKER
_dBKX
_dVP@
_dDLC
050 0 0 _aPN 1059.A9
_b.W65 2009
082 0 0 _aTR 808.122
_b.W83 2006
100 1 _aWolf, Allan.
245 1 0 _aImmersed in verse :
_ban informative, slightly irreverent & totally tremendous guide to living the poet's life /
_cAllan Wolf ; illustrated by Tuesday Mourning.
250 _a1st ed.
260 _aNew York :
_bLark Books,
_cc2006.
300 _a112 p. :
_bcol. ill. ;
_c24 cm.
504 _aIncludes bibliographical references (p. 110) and indexes.
520 _aContains advice, ideas, writing activities, and encouragement from a working poet for aspiring poets. Includes poems by a variety of poets from the unknown to the famous, including Langston Hughes, e.e. cummings, Eve Merriam, and more.
562 _e1
650 0 _aPoetry
_xAuthorship.
856 4 1 _3Table of contents only
_uhttp://www.loc.gov/catdir/toc/ecip0518/2005024825.html
856 4 2 _3Publisher description
_uhttp://www.loc.gov/catdir/enhancements/fy0623/2005024825-d.html
906 _a7
_bcbc
_corignew
_d1
_eecip
_f20
_gy-gencatlg
942 _2lcc
_cBK
999 _c6725
_d6725